000 00643nam a2200241Ia 4500
003 OSt
005 20220928152018.0
006 a|||||r|||| 00| 0
007 ta
008 220927b |||||||| |||| 00| 0 eng d
024 _a141245
037 _cAnnuals, Advances
040 _aSDCL
_cSDCL
_beng
041 _2eng
_aeng
082 _aV1:19'N8, M8
100 _aPearson Frederic S
_9518828
245 0 _aInternational relation
250 _a2
260 _c1988
700 _a Rochester J Martin
_9518829
942 _hV1:19'N8, M8
_cREF
_2CC
999 _c853880
_d853880